000 02058cam a22006134i 4500
003 PE-LiUPU
005 20250731170448.0
008 150706s2008 mx a rb 000 0 spa d
020 _a9706864687
020 _a9789706864680
035 _a(Sirsi) i9789706864680
040 _aPE-LiUPU
_bspa
_cPE-LiUPU
_dPE-LiUPU
_erda
049 _aPRUA
082 0 4 _a155.22
_bK18
_221
100 1 _aKail, Robert,
_eautor.
245 1 0 _aDesarrollo humano :
_buna perspectiva del ciclo vital /
_cRobert Kail, John C. Cavanaugh.
264 1 _aMéxico :
_bCengage Learning,
_c2008.
300 _a752 páginas :
_bilustraciones ;
_c27 centímetros
336 _atext
_2rdacontent
337 _aunmediated
_2rdamedia
338 _avolume
_2rdacarrier
504 _aIncluye referencias bibliograficas.
505 0 _aDesarrollo prenatal, infancia y niñez temprana -- Niños en edad escolar y adolescentes -- Adultez joven e intermedia -- Últimos años de la adultez.
526 _aSEG68
526 _aSEG70
526 _aSEG69
526 _aSEG67
526 _aSEG43
526 _aP144
526 _aP143
526 _aP131
526 _aP122
526 _aP120
526 _aP117
526 _aP112
526 _aP110
526 _aP106
526 _aP101
526 _aP80
526 _aP59
526 _aP54
526 _aP35
526 _aP33
526 _aP30
541 _g001-0030831;
650 0 4 _aPsicología del desarrollo
_vLibros de texto.
700 1 _aCavanaugh, John C.,
_eautor.
910 _agl20091209
942 _2ddc
_cBOOK
949 _a155.22 K18
_wDEWEY
_c1
_i60767
_lCCODEBUL1
_mBUL
_p38.00
_r0
_sY
_tBOOK
_u2015-7-6
_xEDUCACION
_PP33
_o.STAFF. Colección Ciencias de la Salud
994 _aC0
_bPEPRU
596 _a1
999 _a155.22 K18
_wDEWEY
_c50149
_i60767
_d50149
_e2018-4-27
_f2021-11-3
_g6
_lCCODEBUL1
_mBUL
_n29
_p38.00
_q15
_r0
_sY
_tBOOK
_u2015-7-6
_xSALUD
_zP33
_0COMPRA
_o.STAFF. Colección Ciencias de la Salud
980 _81
_gALBERTO SANCHEZ Responsable de Automatización